Najpopularniejsze utwory Linkin Park (na Spotify) - Statystyki

Ogólne statystyki
  • Ten quiz został rozwiązany 265 razy
  • Średni wynik to 9 z 15
Statystyki odpowiedzi
Liczba Odsłuchań Utwór % Poprawnych
2 091 329 105 Numb
97%
2 426 584 064 In The End
93%
1 021 071 287 What I've Done
71%
911 332 390 Faint
68%
694 662 998 Crawling
59%
881 263 220 One Step Closer
57%
632 454 496 Somewhere I Belong
56%
618 968 423 Papercut
55%
547 516 065 BURN IT DOWN
51%
434 015 379 CASTLE OF GLASS
51%
514 003 196 Breaking the Habit
47%
422 737 144 The Emptiness Machine
45%
716 224 750 Bleed It Out
43%
433 540 437 One More Light
41%
387 932 081 New Divide
38%
Nie znaleziono quizów pasujących do podanych kryteriów
Rozkład punktacji
Procent ludzi z każdym wynikiem
Percentyl według liczby udzielonych odpowiedzi
Twoja historia wyników
Nie rozwiązałeś tego quizu